Around the world in eighty days / (Record no. 344319)
[ view plain ]
| 000 -LEADER | |
|---|---|
| fixed length control field | 00550nam a2200193Ia 4500 |
| 008 - FIXED-LENGTH DATA ELEMENTS--GENERAL INFORMATION | |
| fixed length control field | 170918s9999 xx 000 0 und d |
| 020 ## - INTERNATIONAL STANDARD BOOK NUMBER | |
| International Standard Book Number | 9780746070314 |
| 050 ## - LIBRARY OF CONGRESS CALL NUMBER | |
| Item number | B613 2004 |
| 100 ## - MAIN ENTRY--PERSONAL NAME | |
| Personal name | Bingham, Jane |
| 245 ## - TITLE STATEMENT | |
| Title | Around the world in eighty days / |
| 245 ## - TITLE STATEMENT | |
| Statement of responsibility, etc | adapted by Jane Bingham ; by Jules Verne ; illustrated by Adam Stower. |
| 260 ## - PUBLICATION, DISTRIBUTION, ETC. (IMPRINT) | |
| Place of publication, distribution, etc | London : |
| 260 ## - PUBLICATION, DISTRIBUTION, ETC. (IMPRINT) | |
| Name of publisher, distributor, etc | Usborne Publishing, |
| 260 ## - PUBLICATION, DISTRIBUTION, ETC. (IMPRINT) | |
| Date of publication, distribution, etc | 2004 |
| 300 ## - PHYSICAL DESCRIPTION | |
| Extent | 61 pages : |
| 300 ## - PHYSICAL DESCRIPTION | |
| Other physical details | chiefly colored illustration ; |
| 300 ## - PHYSICAL DESCRIPTION | |
| Dimensions | 19cm. |
| 300 ## - PHYSICAL DESCRIPTION | |
| Accompanying material | Usborne young reading. |
| Withdrawn status | Lost status | Damaged status | Home library | Current library | Date acquired | Total Checkouts | Full call number | Barcode | Date last seen | Price effective from | Koha item type |
|---|---|---|---|---|---|---|---|---|---|---|---|
| Stonyhurst Southville International School (Malarayat) | Stonyhurst Southville International School (Malarayat) | 09/18/2017 | GS FIC B613 2004 | SSISM3391 | 09/18/2017 | 09/18/2017 | Books |